000 00773cam a22002413a 4500
001 1488
003 PGUSA
005 20140828083001.0
008 060215s2006||||xxu|||||s|||||000 | eng d
040 _aPGUSA
_beng
042 _adc
050 4 _aE011
100 1 _aBrooks, Elbridge S.
_q(Elbridge Streeter),
_d1846-1902
245 1 4 _aThe True Story of Christopher Columbus, Called the Great Admiral
_h[electronic resource] /
_cElbridge S. Brooks
260 _bProject Gutenberg,
_c2006
506 _aPublic domain in the USA.
516 _aElectronic text
653 _aColumbus, Christopher -- Juvenile literature
653 _aExplorers -- Juvenile literature
830 0 _aProject Gutenberg
_v1488
856 4 0 _uhttp://www.gutenberg.org/ebooks/1488
942 _cEB
999 _c230836
_d230836